| 000 | 00609nam a2200157Ia 4500 | ||
|---|---|---|---|
| 008 | 210719s2005 xx 000 0 und d | ||
| 041 | _aeng | ||
| 082 | _a658.8 IMRC | ||
| 100 | _aIMRAN (K M) | ||
| 245 | _aComparative study of cellular service providers in mangalore with reference to reliance infocomm | ||
| 260 |
_aMangalore _bDepartment of Business Management St Aloysius College _c2005 |
||
| 300 |
_a91 _bHB |
||
| 650 | _aProject Reports | ||
| 650 | _aProject Reports | ||
| 906 | _acellular ; Comparative ; in ; infocomm ; mangalore ; of ; providers ; reference ; reliance ; service ; study ; to ; with | ||
| 999 |
_c215085 _d215085 |
||